000 007890am a2200229 004500
008 710315s1968 enk b 000 0 eng
020 _a0521072484
040 _aDLC
_cDLC
_dDLC
050 0 0 _aZ5814.L26
_bC45
092 0 4 _a016.407
_bC39775 1968
_221
099 _a04
_a016.407 C39775 1968
110 2 _aCentre for Information on Language Teaching.
245 1 2 _aA language teaching bibliography;
_ccompiled and edited by the Centre for Information Centre of the British Council.
260 _aLondon:
_bCambridge U.P.;
_c1968.
300 _ax, 244 p;
_c22 cm.
650 0 _aLanguages, Modern
_xStudy and teaching
_xBibliography.
710 2 _aEnglish-Teaching Information Centre (London, England)
902 _a1
905 _aIbrahim
_eRev
905 _aJamal
942 _2ddc
_cREF
999 _c105126
_d105126